| 000 | 01189 a2200205 4500 | ||
|---|---|---|---|
| 001 | 32134 | ||
| 005 | 20260407155622.0 | ||
| 008 | 260407a arg spa d | ||
| 003 | AR-UNSa-BCEJYS | ||
| 040 |
_aAR-UNSa-BCEJYS _bspa _cAR-UNSa-BCEJYS |
||
| 080 |
_a336.1 _xFinanzas Públicas. Finanzas del gobierno en general |
||
| 245 | 1 | 0 | _aFinanzas públicas y política presupuestaria |
| 264 | 1 |
_aBuenos Aires : _bAmorrortu Editores |
|
| 300 |
_a286 p. _c23 cm. |
||
| 505 | _a1. Introducción - 2. Impuestos fijos sobre las personas - 3. Impuesto al ingreso nacional - 4. Impuesto directo al gasto - 5. Impuestos a la riqueza personal - 6. Impuestos directos a las personas - 7. Impuestos a los beneficios empresariales - 8. Otros impuestos a las actividades comerciales - 9. Influencia de los impuestos a las actividades comerciales sobre los consumidores - 10. El gasto del gobierno - 11. Incidencia presupuestaria - 12. La estructura de la economía - 13. La estabilidad de la economía - 14. El crecimiento de la economía - 15. El presupuesto y la política económica | ||
| 041 | _aspa | ||
| 942 | _cBK | ||
| 590 | _aniveau_biblio:m niveau_hierar:0 | ||
| 100 | 1 | _aWilliams, Alan | |
| 999 |
_c2260 _d2260 |
||